000 00701nam a2200265 i 4500
001 C2-0028130
003 PPAK
005 20190630222013.0
008 970205s1986 ilua|||| ||||| | eng d
020 _a0256033021
040 _aPPAK
_beng
_cPPAK
_erda
082 0 4 _a659.1
_223
090 0 0 _a659.1
_bBOV
_dG
100 1 _aBovee, Courtland L.,
_eauthor
245 1 0 _aContemporary advertising
250 _a2nd. ed.
264 1 _aIllinois :
_bRichard D. Irwin ,
_c1986
300 _axxvii, 674 pages :
_billustrations ;
_c28 cm
336 _2rdacontent
_atext
337 _2rdamedia
_aunmediated
338 _2rdacarrier
_avolume
650 1 0 _aAdvertising
700 _eauthor
942 _ddc
_cB
999 _c5143
_d5143